Majetkoprávne vysporiadanie ciest a diaľníc.
16.2.1993 vláda SR schválila zásady predložené ministrom dopravy, spojov a verejných prác.
Enregistré dans:
| Format: | Chapitre de livre |
|---|---|
| Langue: | slovaque |
| Sujets: | |
| Tags: |
Pas de tags, Soyez le premier à ajouter un tag!
|
MARC
| LEADER | 00000naa a2200000 4500 | ||
|---|---|---|---|
| 001 | r012432 | ||
| 005 | 20220826094947.3 | ||
| 041 | 0 | |a slo | |
| 044 | |a SK | ||
| 245 | 1 | 0 | |a Majetkoprávne vysporiadanie ciest a diaľníc. |
| 520 | |a 16.2.1993 vláda SR schválila zásady predložené ministrom dopravy, spojov a verejných prác. | ||
| 610 | 2 | 0 | |a pôda |
| 610 | 2 | 0 | |a vlastníctvo |
| 610 | 2 | 0 | |a cesty |
| 610 | 2 | 0 | |a diaľnice |
| 610 | 2 | 0 | |a reštitúcia |
| 610 | 2 | 0 | |a Slovensko |